[Event "Recco op-B 4th"]
[Site "Recco"]
[Date "2010.11.27"]
[Round "2"]
[White "Grieco, Claudio"]
[Black "Orlandi, Paolo"]
[Result "0-1"]
[WhiteElo "1419"]
[BlackElo "1605"]
[PlyCount "87"]
[EventDate "2010.11.26"]
[EventType "swiss"]
[EventRounds "5"]
[EventCountry "ITA"]
[SourceTitle "EXT 2023"]
[Source "ChessBase"]
[SourceDate "2022.10.05"]
[SourceVersion "1"]
[SourceVersionDate "2022.10.05"]
[SourceQuality "1"]

1. d4 Nf6 2. c4 g6 3. Nc3 d5 4. Nf3 Bg7 5. Bf4 0-0 6. Rc1 c6 7. e3 Nbd7 8. cxd5 Nxd5 9. Nxd5 cxd5 10. Rc7 e5 11. Bxe5 Nxe5 12. Rc1 Nxf3+ 13. Qxf3 Qa5+ 14. Rc3 Qxa2 15. Qe2 Bf5 16. f4 Rfe8 17. Qd2 Rac8 18. Be2 Qb1+ 19. Bd1 Rxc3 20. bxc3 Qd3 21. Be2 Qxe3 22. Qxe3 Rxe3 23. Kd2 Re8 24. g3 a5 25. Bb5 Ra8 26. Ba4 Be4 27. Re1 Rc8 28. h4 Bxd4 29. cxd4 Rc4 30. Bb3 Rxd4+ 31. Kc1 b5 32. Kb2 a4 33. Ba2 Rd2+ 34. Ka3 b4+ 35. Kxb4 Rxa2 36. h5 gxh5 37. Rf1 Kg7 38. f5 Kf6 39. Rf4 Bxf5 40. Kc5 Ke5 41. Rd4 Be4 42. Rb4 Ra1 43. Rb7 a3 44. Kb4 0-1